000 01065nam a22002537a 4500
005 20240305165552.0
007 cr|||| |||
008 201029c20189999qa fr|w s|||| 0|||b1eng d
035 _a32318
040 _avLex
090 _c10817
_d10817
245 0 0 _aRule of Law and Anti-Corruption Center Journal
_h[Recurso electrónico] /
256 _aServicio en línea
260 _aBarcelona:
_bEditorial vLex,
_c2018 -
300 _a1 recurso electrónico
310 _aSemestral
506 1 _aDisponible solo en los productos indicados
_dvLex Global
_dvLex Global (Academic Edition, excluding Law Schools)
_dvLex Global (U.S. Academic Edition, Law Schools)
_dvLex Global (U.S. Academic Edition, excluding Law Schools)
_dvLex Global (Academic Edition, Law Schools)
650 0 4 _aDerecho Público y Administrativo
_zCatar
650 0 4 _aDerecho Penal
_zCatar
650 0 4 _aDerecho Constitucional
_zCatar
740 0 _avLex Revistas (Servicio en línea)
856 4 0 _uhttps://app.vlex.com/#/sources/rule-law-anti-corruption-center-journal-32318
942 _cRAA
999 _c169053
_d169053